[Event "SRB-chT3 South"]
[Site "Serbia"]
[Date "2017.10.15"]
[Round "11.6"]
[White "Stojiljkovic, Zivojin"]
[Black "Vasic, Zarko"]
[Result "1-0"]
[WhiteElo "1948"]
[BlackElo "2006"]
[PlyCount "33"]
[EventDate "2017.09.03"]
[EventType "team-tourn"]
[EventRounds "11"]
[EventCountry "SRB"]
[SourceTitle "EXT 2022"]
[Source "ChessBase"]
[SourceDate "2021.10.06"]
[SourceVersion "1"]
[SourceVersionDate "2021.10.06"]
[SourceQuality "1"]

1. e4 e6 2. d4 d5 3. exd5 exd5 4. Nf3 Bg4 5. Be2 Bd6 6. h3 Bh5 7. 0-0 Nf6 8. Nc3 c6 9. Ne5 Bxe2 10. Nxe2 Qc7 11. Nf3 0-0 12. b3 b5 13. Qd3 Nbd7 14. c4 bxc4 15. bxc4 Nb6 16. Qc3 Rfe8 17. Be3 1-0

[Event "Nis Pantelej op 3rd"]
[Site "Nis"]
[Date "2015.08.06"]
[Round "4"]
[White "Vasic, Zarko"]
[Black "Vasic, Blagoje"]
[Result "0-1"]
[WhiteElo "1986"]
[BlackElo "1988"]
[PlyCount "88"]
[EventDate "2015.08.04"]
[EventType "swiss"]
[EventRounds "9"]
[EventCountry "SRB"]
[SourceTitle "EXT 2016"]
[Source "ChessBase"]
[SourceDate "2015.10.08"]
[SourceVersion "1"]
[SourceVersionDate "2015.10.08"]
[SourceQuality "1"]

1. e4 e5 2. Nc3 Nf6 3. f4 d5 4. fxe5 Nxe4 5. Nf3 Be7 6. d4 0-0 7. Bd3 Nxc3 8. bxc3 Bg4 9. 0-0 c5 10. h3 Bh5 11. g4 Bg6 12. Bxg6 hxg6 13. Qe1 Qd7 14. Be3 c4 15. a4 Nc6 16. Kg2 Nd8 17. Qg3 Ne6 18. Bd2 a5 19. Rfb1 Rfb8 20. Rb5 b6 21. Rab1 Ra6 22. Bc1 Rb7 23. Qf2 Nc7 24. Bg5 Nxb5 25. Rxb5 Qd8 26. Bxe7 Rxe7 27. Qh4 f6 28. g5 f5 29. Qf4 Re6 30. Kg3 Ra7 31. h4 Rd7 32. Ne1 Qe7 33. Qc1 f4+ 34. Qxf4 Qa3 35. Qf3 Rf7 36. Qxd5 Qxc3+ 37. Nf3 Re8 38. Rb1 Ref8 39. Rf1 Qxc2 40. e6 Re7 41. Re1 c3 42. Qc4 Qf5 43. Qxc3 Qf4+ 44. Kg2 Qg4+ 0-1

[Event "Nis Pantelej op 3rd"]
[Site "Nis"]
[Date "2015.08.04"]
[Round "1"]
[White "Cvijanovic, Jovan"]
[Black "Vasic, Zarko"]
[Result "0-1"]
[WhiteElo "1358"]
[BlackElo "1986"]
[PlyCount "46"]
[EventDate "2015.08.04"]
[EventType "swiss"]
[EventRounds "9"]
[EventCountry "SRB"]
[SourceTitle "EXT 2016"]
[Source "ChessBase"]
[SourceDate "2015.10.08"]
[SourceVersion "1"]
[SourceVersionDate "2015.10.08"]
[SourceQuality "1"]

1. e4 e6 2. d4 d5 3. Nc3 Nf6 4. Bg5 Bb4 5. e5 h6 6. exf6 hxg5 7. fxg7 Rg8 8. Bd3 Qf6 9. Qg4 Nc6 10. Nf3 Qxg7 11. 0-0 Bd7 12. Ne2 0-0-0 13. a3 Bd6 14. b4 f5 15. Qh5 Be8 16. Qh3 g4 17. Bxf5 exf5 18. Qh4 gxf3 19. g3 fxe2 20. Rfe1 Nxd4 21. Rad1 Nf3+ 22. Kg2 Nxh4+ 23. Kh3 Qg4# 0-1

[Event "Nis Pantelej op 3rd"]
[Site "Nis"]
[Date "2015.08.04"]
[Round "2"]
[White "Vasic, Zarko"]
[Black "Arandjelovic, Aleksandar Z"]
[Result "0-1"]
[WhiteElo "1986"]
[BlackElo "2033"]
[PlyCount "90"]
[EventDate "2015.08.04"]
[EventType "swiss"]
[EventRounds "9"]
[EventCountry "SRB"]
[SourceTitle "EXT 2016"]
[Source "ChessBase"]
[SourceDate "2015.10.08"]
[SourceVersion "1"]
[SourceVersionDate "2015.10.08"]
[SourceQuality "1"]

1. c4 Nf6 2. Nc3 g6 3. g3 Bg7 4. Bg2 d6 5. Nf3 0-0 6. d3 Nc6 7. Bg5 h6 8. Bd2 e5 9. Qc1 Kh7 10. h4 Bg4 11. Ng5+ Kg8 12. f3 Bd7 13. Nh3 Bxh3 14. Rxh3 h5 15. Bg5 Qd7 16. Qd2 Nd4 17. 0-0-0 b5 18. Nxb5 Nxb5 19. cxb5 Qxb5 20. Qc2 Rab8 21. e4 Rb6 22. Be3 Rc6 23. Qxc6 Qxc6+ 24. Kb1 Rb8 25. Bf1 Qc3 26. Rh2 d5 27. Bxa7 Rb7 28. Be3 d4 29. Bg5 Nd7 30. Rc1 Qb4 31. Rhc2 Nc5 32. Ka1 f6 33. Bd2 Qb5 34. f4 Bf8 35. fxe5 fxe5 36. Bg5 Ra7 37. Kb1 Qa5 38. a3 Rb7 39. Ka2 Nb3 40. Rd1 Qa4 41. Be2 Na5 42. Rdc1 Rb3 43. Bd1 Bxa3 44. Rc4 Rxb2+ 45. Ka1 Qb3 0-1

[Event "SRB Central-chT qual"]
[Site "Nis"]
[Date "2014.10.04"]
[Round "4"]
[White "Marjanovic, Zvezdan"]
[Black "Vasic, Zarko"]
[Result "1/2-1/2"]
[WhiteElo "2060"]
[BlackElo "1999"]
[PlyCount "20"]
[EventDate "2014.10.02"]
[EventType "team-tourn"]
[EventRounds "7"]
[EventCountry "SRB"]
[SourceTitle "CBM 163 Extra"]
[Source "ChessBase"]
[SourceDate "2014.12.23"]
[SourceVersion "1"]
[SourceVersionDate "2014.12.23"]
[SourceQuality "1"]

1. d4 e6 2. e4 d5 3. exd5 exd5 4. Nf3 Nf6 5. h3 Be7 6. Bd3 Nc6 7. 0-0 0-0 8. Re1 Nb4 9. Bb5 Bf5 10. Ba4 b5 1/2-1/2

[Event "SRB-chT2 South"]
[Site "Nis"]
[Date "2013.10.20"]
[Round "6.4"]
[White "Djordjevic, Lazar"]
[Black "Vasic, Zarko"]
[Result "1/2-1/2"]
[WhiteElo "1725"]
[BlackElo "2015"]
[PlyCount "115"]
[EventDate "2013.10.17"]
[EventType "team-swiss"]
[EventRounds "8"]
[EventCountry "SRB"]
[SourceTitle "EXT 2015"]
[Source "ChessBase"]
[SourceDate "2014.11.20"]
[SourceVersion "1"]
[SourceVersionDate "2014.11.20"]
[SourceQuality "1"]

1. e4 e6 2. Nf3 d5 3. exd5 exd5 4. d4 Nf6 5. Bd3 Nc6 6. c3 Be7 7. 0-0 0-0 8. Qc2 Re8 9. Bf4 Bd6 10. Bg5 h6 11. Bh4 g5 12. Bg3 Nh5 13. Nbd2 Nf4 14. Rae1 Be6 15. Ne5 Nxd3 16. Qxd3 Nxe5 17. Bxe5 Qd7 18. Bxd6 cxd6 19. f4 Bf5 20. Qf3 Be4 21. Nxe4 dxe4 22. Rxe4 g4 23. Rxe8+ Rxe8 24. Qg3 Qf5 25. h3 h5 26. hxg4 hxg4 27. Qf2 d5 28. Qg3 Kg7 29. b3 b5 30. Rc1 Re4 31. Rf1 f6 32. Qd3 a6 33. a4 bxa4 34. bxa4 Qe6 35. f5 Re3 36. Qc2 Qc6 37. Rc1 g3 38. Qd1 Qe8 39. Qg4+ Kf8 40. Kf1 Qe4 41. Qxe4 Rxe4 42. Rc2 Rf4+ 43. Ke2 Rxf5 44. Kd3 Ke7 45. Re2+ Kd6 46. Re3 Rf2 47. Rxg3 Ra2 48. Rg6 Ke6 49. Rg7 Rxa4 50. g4 Ra1 51. Ra7 a5 52. Ra6+ Ke7 53. Ke3 a4 54. Kd3 Rg1 55. Rxa4 Rxg4 56. c4 Rg3+ 57. Ke2 dxc4 58. Rxc4 1/2-1/2

[Event "SRB-chT2 South"]
[Site "Nis"]
[Date "2013.10.18"]
[Round "3.6"]
[White "Djordjevic, Miroslav"]
[Black "Vasic, Zarko"]
[Result "1-0"]
[WhiteElo "2040"]
[BlackElo "2015"]
[PlyCount "42"]
[EventDate "2013.10.17"]
[EventType "team-swiss"]
[EventRounds "8"]
[EventCountry "SRB"]
[SourceTitle "EXT 2014"]
[Source "ChessBase"]
[SourceDate "2013.11.20"]
[SourceVersion "1"]
[SourceVersionDate "2013.11.20"]
[SourceQuality "1"]

1. e4 e6 2. d4 d5 3. e5 c5 4. c3 Bd7 5. Nf3 Nc6 6. Bd3 Qb6 7. Nbd2 cxd4 8. cxd4 Nxd4 9. 0-0 Bc5 10. Nxd4 Bxd4 11. Nf3 Bc5 12. b4 Be7 13. Be3 Qd8 14. Rc1 a6 15. Qb3 f5 16. a4 a5 17. bxa5 Qxa5 18. Qxb7 Qxa4 19. Rc7 Rd8 20. Rxd7 Rxd7 21. Bb5 Qb4 1-0

[Event "Nis Art Faculty op"]
[Site "Nis"]
[Date "2013.08.07"]
[Round "6"]
[White "Vasic, Zarko"]
[Black "Bogdanovic, Dragan"]
[Result "0-1"]
[WhiteElo "2058"]
[BlackElo "2001"]
[PlyCount "78"]
[EventDate "2013.08.03"]
[EventType "swiss"]
[EventRounds "7"]
[EventCountry "SRB"]
[SourceTitle "EXT 2015"]
[Source "ChessBase"]
[SourceDate "2014.11.20"]
[SourceVersion "1"]
[SourceVersionDate "2014.11.20"]
[SourceQuality "1"]

1. e4 d6 2. d4 Nf6 3. Nc3 g6 4. Bg5 Bg7 5. Bc4 c6 6. Bb3 Qa5 7. Qd2 b5 8. f3 Nbd7 9. Nce2 Qxd2+ 10. Bxd2 a5 11. a4 b4 12. c4 c5 13. Be3 cxd4 14. Bxd4 0-0 15. g4 Bb7 16. h4 Nc5 17. Bxc5 dxc5 18. 0-0-0 Rfd8 19. Rxd8+ Rxd8 20. Bc2 Nd7 21. f4 Nf6 22. Nh3 Bxe4 23. Rd1 Rxd1+ 24. Kxd1 Bxc2+ 25. Kxc2 Nxg4 26. b3 h5 27. Ng5 e6 28. Ne4 Bf8 29. Nc1 f5 30. Ng5 e5 31. fxe5 Nxe5 32. Ne2 Be7 33. Ne6 Kf7 34. N2f4 Nf3 35. Nc7 Bxh4 36. Nfd5 Nd4+ 37. Kb2 Bd8 38. Na6 Ne6 39. Kc2 h4 0-1

[Event "Nis Art Faculty op"]
[Site "Nis"]
[Date "2013.08.04"]
[Round "3"]
[White "Brankovan, Mario"]
[Black "Vasic, Zarko"]
[Result "0-1"]
[WhiteElo "1935"]
[BlackElo "2058"]
[PlyCount "68"]
[EventDate "2013.08.03"]
[EventType "swiss"]
[EventRounds "7"]
[EventCountry "SRB"]
[SourceTitle "EXT 2015"]
[Source "ChessBase"]
[SourceDate "2014.11.20"]
[SourceVersion "1"]
[SourceVersionDate "2014.11.20"]
[SourceQuality "1"]

1. c4 c5 2. Nf3 Nf6 3. g3 g6 4. Bg2 Bg7 5. Nc3 Nc6 6. 0-0 0-0 7. e3 d6 8. h3 Rb8 9. d4 Bf5 10. Nh4 Bd7 11. d5 Na5 12. Qe2 a6 13. Bd2 b5 14. cxb5 axb5 15. Rfd1 b4 16. Nb1 Qc8 17. g4 Bb5 18. Qf3 Nc4 19. b3 Ne5 20. Qg3 Nd3 21. a4 Ba6 22. e4 c4 23. bxc4 Qxc4 24. Be3 Nxe4 25. Bxe4 Qxe4 26. Nd2 Qxd5 27. Rab1 Qc6 28. a5 Nc5 29. Nhf3 e5 30. Kh2 b3 31. Qh4 Be2 32. Ng5 h6 33. Rg1 hxg5 34. Bxg5 b2 0-1

[Event "Nis op"]
[Site "Nis"]
[Date "2013.03.26"]
[Round "7"]
[White "Djokovic, Nenad"]
[Black "Vasic, Zarko"]
[Result "1-0"]
[WhiteElo "1917"]
[BlackElo "2090"]
[PlyCount "101"]
[EventDate "2013.03.21"]
[EventType "swiss"]
[EventRounds "9"]
[EventCountry "SRB"]
[SourceTitle "CBM 153 Extra"]
[Source "ChessBase"]
[SourceDate "2013.04.22"]
[SourceVersion "1"]
[SourceVersionDate "2013.04.22"]
[SourceQuality "1"]

1. d4 c5 2. d5 f5 3. b3 d6 4. g3 e5 5. dxe6 Qf6 6. c3 Nc6 7. Bg2 Bxe6 8. Qd2 Bd7 9. Bb2 0-0-0 10. c4 Qe7 11. Nc3 Nf6 12. 0-0-0 Ne5 13. Nh3 Bc6 14. Bxc6 bxc6 15. f3 h6 16. Rhe1 g5 17. f4 gxf4 18. gxf4 Neg4 19. e4 Qd7 20. Ng1 h5 21. h3 Nh6 22. e5 Ne8 23. Nf3 Rg8 24. e6 Qe7 25. Ng5 Nf6 26. Qg2 Kc7 27. Qf3 Bg7 28. Re2 Rge8 29. Rg1 Bh8 30. Nd1 Kb7 31. Rge1 d5 32. cxd5 Nxd5 33. Qxh5 Nxf4 34. Qxh6 Nxe2+ 35. Rxe2 Bxb2+ 36. Nxb2 Rh8 37. Qg6 Rdg8 38. Qf7 Rg7 39. Qxe7+ Rxe7 40. Nf7 Rxh3 41. Nd6+ Kc7 42. Nxf5 Re8 43. e7 Rh7 44. Nc4 Rf7 45. Ncd6 Rexe7 46. Rxe7+ Rxe7 47. Nxe7 Kxd6 48. Nf5+ Ke5 49. Ne3 Kd4 50. Kd2 a5 51. a4 1-0

[Event "Nis op"]
[Site "Nis"]
[Date "2013.03.22"]
[Round "2"]
[White "Vasic, Zarko"]
[Black "Necevski, Alesandar"]
[Result "1/2-1/2"]
[WhiteElo "2090"]
[BlackElo "2277"]
[PlyCount "135"]
[EventDate "2013.03.21"]
[EventType "swiss"]
[EventRounds "9"]
[EventCountry "SRB"]
[SourceTitle "CBM 153 Extra"]
[Source "ChessBase"]
[SourceDate "2013.04.22"]
[SourceVersion "1"]
[SourceVersionDate "2013.04.22"]
[SourceQuality "1"]

1. e4 c5 2. Nf3 e6 3. Nc3 d6 4. d4 cxd4 5. Nxd4 Nf6 6. Be2 a6 7. Be3 Qc7 8. 0-0 Be7 9. Qd2 b5 10. a3 Bb7 11. f3 Nbd7 12. Rad1 d5 13. exd5 Nxd5 14. Nxd5 Bxd5 15. Kh1 0-0 16. c3 Rfd8 17. Rfe1 Nc5 18. Qc1 Bf6 19. Bg5 Qe7 20. Bxf6 Qxf6 21. Qe3 Rac8 22. Bd3 Qh4 23. Bc2 g6 24. Qe5 Nd7 25. Qg3 Qxg3 26. hxg3 Nb6 27. a4 bxa4 28. Ra1 Nc4 29. Rxa4 Nxb2 30. Rxa6 Rxc3 31. Be4 Bxe4 32. Rxe4 Nd3 33. Kh2 Nf2 34. Re2 Ng4+ 35. fxg4 Rxd4 36. Ra8+ Kg7 37. Ra7 Rcd3 38. Rxe6 Rd7 39. Rxd7 Rxd7 40. Ra6 Rd1 41. Ra5 Rf1 42. Ra7 Re1 43. Ra5 Kf6 44. g5+ Ke6 45. Ra6+ Ke7 46. Kh3 Re5 47. Kg4 Kf8 48. Ra8+ Kg7 49. Ra7 Rf5 50. Kh4 Rc5 51. Rb7 Rf5 52. g4 Rf1 53. Kg3 h6 54. gxh6+ Kxh6 55. Rb5 f6 56. Ra5 Rc1 57. Ra3 g5 58. Rf3 Kg6 59. Ra3 Rd1 60. Rb3 Kf7 61. Re3 Rd5 62. Kf3 Rc5 63. Kg3 Re5 64. Ra3 Ke6 65. Ra6+ Kf7 66. Ra3 Rd5 67. Re3 Rd6 68. Kf3 1/2-1/2

[Event "Nis Medijana op"]
[Site "Nis"]
[Date "2012.04.29"]
[Round "4"]
[White "Urosevic, Dejan"]
[Black "Vasic, Zarko"]
[Result "0-1"]
[WhiteElo "1926"]
[BlackElo "2081"]
[PlyCount "108"]
[EventDate "2012.04.27"]
[EventType "swiss"]
[EventRounds "5"]
[EventCountry "SRB"]
[SourceTitle "EXT 2013"]
[Source "ChessBase"]
[SourceDate "2012.11.22"]
[SourceVersion "1"]
[SourceVersionDate "2012.11.22"]
[SourceQuality "1"]

1. d4 d5 2. Nf3 Nf6 3. c4 c6 4. Qc2 g6 5. e3 Bg7 6. Nc3 0-0 7. a4 a5 8. Ne5 Na6 9. Be2 Bf5 10. Qb3 Nb4 11. 0-0 Bc2 12. Qa3 Bf5 13. Qb3 Bc2 14. Qa3 Nd7 15. Nxd7 Qxd7 16. cxd5 cxd5 17. Na2 Qxa4 18. Qxa4 Bxa4 19. Nc3 Bb3 20. Bd2 e5 21. Nb5 exd4 22. Nxd4 Bxd4 23. exd4 Nc2 24. Rxa5 Nxd4 25. Bd3 Rxa5 26. Bxa5 Nc6 27. Bc3 d4 28. Bd2 Ra8 29. Re1 Ra2 30. Rb1 f5 31. f4 Kf7 32. Kf2 Ne7 33. g3 Nd5 34. Ke1 Kf6 35. h4 h5 36. Kf1 b6 37. Ke1 Ke6 38. Kf1 Kf7 39. Ke1 Nf6 40. Ke2 Ne4 41. Be1 Nc3+ 42. Bxc3 dxc3 43. Ke3 cxb2 44. Kd4 Ke7 45. Kc3 Bd5 46. Rxb2 Rxb2 47. Kxb2 Kd6 48. Kc3 Kc5 49. Ba6 b5 50. Bxb5 Kxb5 51. Kd4 Bf3 52. Ke5 Kc5 53. Kf6 Kd4 54. Kxg6 Bg4 0-1

[Event "Nis Medijana op"]
[Site "Nis"]
[Date "2012.04.28"]
[Round "3"]
[White "Vasic, Zarko"]
[Black "Velickovski Nejkovic, Maja"]
[Result "1/2-1/2"]
[WhiteElo "2081"]
[BlackElo "2184"]
[PlyCount "131"]
[EventDate "2012.04.27"]
[EventType "swiss"]
[EventRounds "5"]
[EventCountry "SRB"]
[SourceTitle "EXT 2013"]
[Source "ChessBase"]
[SourceDate "2012.11.22"]
[SourceVersion "1"]
[SourceVersionDate "2012.11.22"]
[SourceQuality "1"]

1. e4 d6 2. d4 Nf6 3. Nc3 c6 4. Nf3 Qc7 5. h3 e5 6. Be3 Be7 7. Be2 Nbd7 8. Qd2 b5 9. a3 Rb8 10. 0-0 0-0 11. Nh2 a5 12. f3 b4 13. axb4 axb4 14. Nd1 Nh5 15. Re1 c5 16. dxc5 Nxc5 17. b3 Be6 18. g4 Nf6 19. Bf2 Ncxe4 20. fxe4 Nxe4 21. Qd3 d5 22. Bf3 Nxf2 23. Nxf2 e4 24. Nxe4 dxe4 25. Bxe4 g6 26. Re2 Rfd8 27. Qf3 Qb6+ 28. Kh1 Rbc8 29. Rae1 Rc3 30. Re3 Bg5 31. Rxc3 bxc3 32. Rd1 Rd2 33. Nf1 Rxd1 34. Qxd1 Qf2 35. Nh2 Bd2 36. Qf3 Qd4 37. Kg2 Bg5 38. Qd3 Qc5 39. Nf3 Bf6 40. Ng1 h5 41. Qf3 Bd4 42. Ne2 hxg4 43. hxg4 Be5 44. Nc1 Qc8 45. Kh3 Kg7 46. Nd3 Qh8+ 47. Kg2 Qh2+ 48. Kf1 Bd4 49. Nf2 Qh4 50. Bd3 Bxf2 51. Qxf2 Qxg4 52. Qc5 Qf4+ 53. Qf2 Qc1+ 54. Kg2 Bd5+ 55. Kg3 Qg5+ 56. Kh2 Qe5+ 57. Qg3 Qd4 58. b4 Bc4 59. Bxc4 Qxc4 60. Qe5+ Kh7 61. b5 f6 62. Qxf6 Qe2+ 63. Kg3 Qxc2 64. Qe7+ Kh6 65. Qh4+ Kg7 66. Qe7+ 1/2-1/2

[Event "Nis op"]
[Site "Nis"]
[Date "2012.03.18"]
[Round "9"]
[White "Maksimovic, Suzana"]
[Black "Vasic, Zarko"]
[Result "1-0"]
[WhiteElo "2227"]
[BlackElo "2081"]
[PlyCount "73"]
[EventDate "2012.03.11"]
[EventType "swiss"]
[EventRounds "9"]
[EventCountry "SRB"]
[SourceTitle "CBM 147 Extra"]
[Source "ChessBase"]
[SourceDate "2012.04.24"]
[SourceVersion "1"]
[SourceVersionDate "2012.04.24"]
[SourceQuality "1"]

1. d4 d5 2. c4 c6 3. e3 Nf6 4. Nf3 g6 5. Nc3 Bg7 6. Bd3 0-0 7. 0-0 Nbd7 8. cxd5 cxd5 9. Bd2 Nb6 10. Qb3 e6 11. Rfc1 a6 12. a4 Re8 13. a5 Nbd7 14. Na4 Bf8 15. Bb4 Bxb4 16. Qxb4 Nb8 17. Nb6 Nc6 18. Rxc6 bxc6 19. Nxa8 Nd7 20. Nb6 Bb7 21. Qd6 Nxb6 22. Qxd8 Rxd8 23. axb6 f6 24. Nd2 Rb8 25. Nb3 Bc8 26. Nc5 Rxb6 27. b3 e5 28. Bxa6 Bf5 29. Be2 exd4 30. exd4 Rb4 31. Ra4 Rb6 32. f3 g5 33. Kf2 Kg7 34. Ra6 Rb4 35. Ke3 Bc2 36. Ra7+ Kg8 37. Kd2 1-0

[Event "Nis op"]
[Site "Nis"]
[Date "2012.03.17"]
[Round "8"]
[White "Vasic, Zarko"]
[Black "Stojiljkovic, Stefan Z"]
[Result "1-0"]
[WhiteElo "2081"]
[BlackElo "1955"]
[PlyCount "99"]
[EventDate "2012.03.11"]
[EventType "swiss"]
[EventRounds "9"]
[EventCountry "SRB"]
[SourceTitle "CBM 147 Extra"]
[Source "ChessBase"]
[SourceDate "2012.04.24"]
[SourceVersion "1"]
[SourceVersionDate "2012.04.24"]
[SourceQuality "1"]

1. e4 c5 2. Nf3 Nc6 3. d4 cxd4 4. Nxd4 g6 5. Nb3 Bg7 6. Nc3 d6 7. Be2 Nf6 8. 0-0 0-0 9. Be3 Be6 10. Qd2 Re8 11. Rad1 a6 12. f4 b5 13. Bf3 Bg4 14. Qe2 Bxf3 15. Qxf3 Qc8 16. Nd5 Nxd5 17. exd5 Nd8 18. c3 b4 19. Bd4 Bxd4+ 20. Rxd4 bxc3 21. bxc3 Nb7 22. f5 Rf8 23. Rf4 f6 24. fxg6 hxg6 25. Qe4 Kf7 26. Re1 Qd7 27. Qe3 Rh8 28. Rb4 Nc5 29. Nxc5 dxc5 30. Re4 Rae8 31. Qxc5 Rh5 32. c4 e5 33. Qb6 Reh8 34. h3 Rg5 35. R4e3 Kg7 36. Rf1 f5 37. Rxe5 Rxh3 38. d6 Kh6 39. Re7 Qc8 40. d7 Qxc4 41. Qf2 Rxg2+ 42. Qxg2 Qd4+ 43. Rf2 Qd1+ 44. Qf1 Rg3+ 45. Rg2 Qd4+ 46. Qf2 Qd1+ 47. Re1 Rxg2+ 48. Kxg2 Qxd7 49. Rh1+ Kg7 50. Qb2+ 1-0

[Event "SRB-chT2 East"]
[Site "Serbia"]
[Date "2006.10.26"]
[Round "1.5"]
[White "Vasic, Zarko"]
[Black "Nikolic, Zeljko"]
[Result "1/2-1/2"]
[WhiteElo "2081"]
[BlackElo "2245"]
[PlyCount "21"]
[EventDate "2006.09.09"]
[EventType "team"]
[EventRounds "11"]
[EventCountry "SRB"]
[SourceTitle "EXT 2012"]
[Source "ChessBase"]
[SourceDate "2011.11.24"]
[SourceVersion "1"]
[SourceVersionDate "2011.11.24"]
[SourceQuality "1"]

1. e4 e6 2. d4 d5 3. exd5 exd5 4. Nf3 Bd6 5. Bd3 Ne7 6. 0-0 0-0 7. Nc3 c6 8. Bg5 h6 9. Be3 Nd7 10. Qd2 f5 11. Rfe1 1/2-1/2

[Event "SRB-chT2 East"]
[Site "Serbia"]
[Date "2006.09.23"]
[Round "3.6"]
[White "Vasic, Zarko"]
[Black "Nesic, Nebojsa"]
[Result "1-0"]
[WhiteElo "2081"]
[BlackElo "2180"]
[PlyCount "59"]
[EventDate "2006.09.09"]
[EventType "team"]
[EventRounds "11"]
[EventCountry "SRB"]
[SourceTitle "EXT 2012"]
[Source "ChessBase"]
[SourceDate "2011.11.24"]
[SourceVersion "1"]
[SourceVersionDate "2011.11.24"]
[SourceQuality "1"]

1. e4 e6 2. d4 d5 3. Nc3 Nf6 4. Bg5 Be7 5. e5 Nfd7 6. Be3 a6 7. Qg4 g6 8. h4 h5 9. Qg3 c5 10. dxc5 Nxc5 11. 0-0-0 Qa5 12. f4 Nc6 13. Qf2 Bd7 14. Nf3 Ne4 15. Nxe4 dxe4 16. Nd2 Qxa2 17. Bc5 0-0-0 18. Bxe7 Nxe7 19. Qc5+ Bc6 20. Bxa6 Qxa6 21. Qxe7 e3 22. Nb3 Bxg2 23. Rd6 Qa4 24. Rhd1 Bd5 25. Rd4 Qb5 26. Rd3 e2 27. Kd2 Rhe8 28. Rc3+ Bc6 29. Qxf7 Kb8 30. Nd4 1-0